000 00622cam a22002173a 4500
001 45750
003 PGUSA
005 20140828084048.0
008 140525s2014||||xxu|||||s|||||000 | eng d
040 _aPGUSA
_beng
042 _adc
100 1 _aNixon-Roulet, Mary F.,
_d-1930
245 1 0 _aOur Little Brazilian Cousin
_h[electronic resource] /
_cMary F. Nixon-Roulet
260 _bProject Gutenberg,
_c2014
506 _aPublic domain in the USA.
516 _aElectronic text
700 1 _aMeserac, Louis de
830 0 _aProject Gutenberg
_v45750
856 4 0 _uhttp://www.gutenberg.org/ebooks/45750
942 _cEB
999 _c275000
_d275000